Cloning of Hevea brasiliensis CBF like gene and transferring into tobacco (Record no. 55787)

MARC details
000 -LEADER
fixed length control field 00465nam a2200145Ia 4500
100 ## - MAIN ENTRY--AUTHOR NAME
Personal name Hai Cheng
245 #0 - TITLE STATEMENT
Title Cloning of Hevea brasiliensis CBF like gene and transferring into tobacco
260 ## - PUBLICATION, DISTRIBUTION, ETC. (IMPRINT)
Name of publisher Preprints of papers: International Natural Rubber Conference, 6-8 November 2005, Cochin, India, p.97-102.
650 ## - SUBJECT ADDED ENTRY--TOPICAL TERM
Topical Term Cloning
650 ## - SUBJECT ADDED ENTRY--TOPICAL TERM
Topical Term Hevea
700 ## - ADDED ENTRY--PERSONAL NAME
Personal name Huasun Huang
700 ## - ADDED ENTRY--PERSONAL NAME
Personal name Zewei An
942 ## - ADDED ENTRY ELEMENTS (KOHA)
Koha item type Journals
Holdings
Withdrawn status Lost status Damaged status Not for loan Home library Current library Shelving location Date acquired Koha item type
      Journals RRII Library RRII Library Biotechnology 17/12/2021 Journals